00402nam a2200121Ia 4500003000400000005001700004008004100021040001800062041000800080100004600088245010700134260003900241OSt20260123161759.0211028s2017 xx 000 0 und d cAIMIT LIBRARY aeng aMachado, Andrew; Wright, Rowena.g1516011 aFinancial statement analysis: a case study with reference to simplus financial consultancy Mangalore / aMangalorebDr Rowena Wright.c2017